| 000 | 01060cam a22003614i 4500 | ||
|---|---|---|---|
| 001 | UByD004365 | ||
| 003 | AR-LpoUNG | ||
| 005 | 20260605143530.0 | ||
| 006 | a||||gr|||| 000 1d | ||
| 007 | ta | ||
| 008 | 130320s2011 ag gr 001 0 spa | ||
| 015 | _aAR-2011 | ||
| 020 | _a9789871556564 | ||
| 040 |
_aAR-LpoUNG _bspa _cAR-BaBN _erda _dAR-LpoUNG |
||
| 041 | 0 | _aspa | |
| 044 |
_aag _car-c |
||
| 080 | 0 |
_a821.134.2(82)-94 _22000 |
|
| 082 | 0 | _aA863 28via | |
| 100 | 1 |
_aUhart, Hebe _eautora _4aut |
|
| 245 | 1 | 0 | _aViajera crónica |
| 250 | _a4a edición | ||
| 260 |
_aBuenos Aires : _bAdriana Hidalgo, _c2011. |
||
| 300 | _a319 páginas | ||
| 650 | 4 | _aLiteratura argentina | |
| 650 | 4 | _aNarrativa | |
| 650 | 4 | _aDiarios de viajes | |
| 650 | 4 | _aDescripciones y viajes | |
| 651 | 4 | _aAmérica Latina | |
| 930 | 1 |
_lBNA01 _mLIBRO _600936195 _820130320 _f11 _g4601 _s03 _n000 _o001277301 |
|
| 942 |
_2ddc _cLIB |
||
| 999 |
_c67541 _d67541 |
||